000 01354cam a22003374a 4500
005 20260322212027.0
008 data
010 _a 99026145
020 _a0060193395
020 _a9780060193393
040 _aDLC
_cDLC
_dDLC
042 _apcc
050 0 0 _aRA781
_b.P53 1999
082 0 0 _a613.7
_221
092 _a613.7 P53 1999
100 1 _aPhillips, Bill.
245 1 0 _aBody-for-life :
_b12 weeks to mental and physical strength /
_cBill Phillips & Michael D'Orso.
250 _a1st ed.
260 _aNew York :
_bHarperCollins Publishers,
_cc1999.
300 _axvi, 201 p. :
_bill. ;
_c24 cm.
650 0 _aExercise.
650 0 _aPhysical fitness.
650 0 _aHealth.
700 1 _aD'Orso, Michael.
856 4 2 _3Contributor biographical information
_uhttp://www.loc.gov/catdir/enhancements/fy0910/99026145-b.html
856 4 2 _3Publisher description
_uhttp://www.loc.gov/catdir/enhancements/fy0910/99026145-d.html
906 _a7
_bcbc
_corignew
_d1
_eocip
_f19
_gy-gencatlg
925 0 _aacquire
_b2 shelf copies
_xpolicy default
001 data
999 _c618
_d618